The tempest /

Bibliographic Details
Other Authors: Charry, Brinda (Editor)
Format: Book
Language:English
Published: London ; New York : Arden Shakespeare, [2022].
Series:Shakespeare : the critical tradition.
Subjects:

MARC

Tag First Indicator Second Indicator Subfields
LEADER 00000cam a2200000 i 4500
001 in00004588198
008 210901t20222022enk b 001 0 eng d
005 20230619132425.6
020 |a 9781350087071  |q hardcover 
020 |a 1350087076  |q hardcover 
035 |a (OCoLC)1285694369 
040 |a YDX  |e rda  |c YDX  |d COO  |d CDX 
050 4 |a PR2833  |b .T458 2022 
082 0 |a 822.3/3  |2 23 
245 0 4 |a The tempest /  |c edited by Brinda Charry. 
264 1 |a London ;  |a New York :  |b Arden Shakespeare,  |c [2022]. 
264 4 |c ©2022. 
300 |a ix, 365 pages ;  |c 24 cm. 
336 |a text  |b txt  |2 rdacontent 
337 |a unmediated  |b n  |2 rdamedia 
338 |a volume  |b nc  |2 rdacarrier 
490 1 |a Shakespeare : the critical tradition 
504 |a Includes bibliographical references and index. 
600 1 0 |a Shakespeare, William,  |d 1564-1616.  |t Tempest. 
650 0 |a Tragicomedy  |x History and criticism. 
700 1 |a Charry, Brinda,  |e editor. 
830 0 |a Shakespeare : the critical tradition. 
945 |b 377866 
947 |a A14851589979 
948 |a dmitchel 8/5/22 9.10.20 
999 f f |s 8ab7ce78-2d36-4c78-bce2-d15e769059b7  |i c67ac107-d114-4b7b-87db-76e51e111ecc  |t 0 
952 f f |p normal  |a Texas A&M University  |b College Station  |c Sterling C. Evans Library  |d Evans: Library Stacks  |t 0  |e PR2833 .T458 2022  |h Library of Congress classification  |i unmediated -- volume  |m A14851589979 
998 f f |a PR2833 .T458 2022  |t 0  |l Evans: Library Stacks